Dom tradícií Lúky

Na minha lista:
Detalhes bibliográficos
Autor principal: Zacharová, Veronika (Author)
Outros Autores: Nádaská, Zuzana (Thesis advisor)
Formato: Manuscrito Livro
Idioma:eslovaco
Publicado em: 2025
Assuntos:
Acesso em linha:http://is.stuba.sk/zp/portal_zp.pl?podrobnosti=167594
CRZP
Tags: Adicionar Tag
Sem tags, seja o primeiro a adicionar uma tag!

MARC

LEADER 00000ntm a22000003a 4500
001 stuzp103822
003 SK-STU
005 20250801124045.4
007 ta
008 150427s2015----xo-----f-mn---000-0-slo-d
040 |a STU  |b slo 
041 0 |a slo 
100 1 |a Zacharová, Veronika  |u 010310  |4 aut  |U SvF Stavebná fakulta  |T SvF Katedra architektúry  |X 114976  |U V181|V310  |Y 19  |7 114976 
242 0 1 |a House of Traditions Lúky  |y eng 
245 1 0 |a Dom tradícií Lúky 
260 |c 2025 
650 4 |a dom tradícií  |2 slo 
650 4 |a folklórny súbor  |2 slo 
650 4 |a tradičná architektúra  |2 slo 
650 4 |a house of traditions  |2 eng 
650 4 |a folklore ensemble  |2 eng 
650 4 |a traditional architecture  |2 eng 
650 4 |a sustainable design  |2 eng 
700 1 |a Nádaská, Zuzana  |u 010310  |k Z1  |4 ths  |U SvF Stavebná fakulta  |T SvF Katedra architektúry  |X 790  |U V181|V310  |Y 19  |7 A000000790 
856 4 |u http://is.stuba.sk/zp/portal_zp.pl?podrobnosti=167594 
856 4 |u https://opac.crzp.sk/?fn=detailBiblioForm&sid=4013D2F8FE5692F45DCF204F6B33  |z CRZP